Responses for Show #802 - Tuesday, February 16, 1988

1988 Teen Tournament semifinal game 2.

Contestants

[<< previous game]

Jason Albert, a senior from Lynchburg, Virginia

Mark Wong, a senior from Los Angeles, California

Michael Block, a senior from Staten Island, New York

[next game >>]

Jeopardy! Round responses

ANIMALS
LEADERS
OLYMPIC MEDALISTS
COLLEGES & UNIVERSITIES
NONPOTENT POTABLES
5-LETTER "I"s
(Alex: All of the correct responses in that category will have 5 letters and begin with the letter "I".)
    $100 29
forked

Jason
    $100 6
Robin Hood

Jason
    $100 3
Greg Louganis

Jason
    $100 13
2

Jason
    $100 30
cranberry

Jason
    $100 27
icing

Michael
    $200 28
mosquitoes

Jason
    $200 15
Soviet Union

Jason
    $200 10
Mary Lou Retton

Jason
    $200 12
freshman

Jason
    $200 25
tea

Michael
    $200 26
igloo

Mark
    $300 23
(Alex: We've got a minute to go.)

antlers (the rack)

Jason
    $300 7
[Alex spelled out the correct response, as in the song, after Michael provided it.]

Mickey Mouse

Michael
    $300 19
speed skating

Mark
    $300 11
(Michael: What are fraternities?)
(Mark: What are eating clubs?)

sororities

MichaelMarkJason
    $300 24
New York Giants

Jason
    $300 20
ivory

Michael
    $400 22
platypus

Michael
    $400 5
(Alex: The Reign of Terror in the French Revolution.)

the Jacobins

Mark
    $400 1
Jesse Owens

Michael
    $400 9
agriculture

Mark
    $400 16
coffee

Michael
    $400 18
Ideal

Mark
    $500 21
rodents

Michael
    $300 4
"Leader Of The Band"

Jason
    $500 2
Edwin Moses

Mark
    $500 8
Virginia Military Institute

Michael
    $500 14
lactic acid

Mark
    $500 17
inert

Jason

Scores at the first commercial break (after clue 10):

Michael Mark Jason
$1,200 $1,300 $700

Scores at the end of the Jeopardy! Round:

Michael Mark Jason
$2,800 $2,400 $3,000

Double Jeopardy! Round responses

FAMOUS AMERICANS
THE TEN COMMANDMENTS
WORLD CITIES
BALLET
GRAMMAR
FACTS & FIGURES
    $200 5
Jim & Tammy (Faye) Bakker

Jason
    $200 16
Exodus

Michael
    $200 13
Naples

Jason
    $200 26
a kiss

Jason
    $200 28
commanders in chief

Michael
    $200 30
fat

Michael
    $400 4
Alexander Hamilton

Mark
    $400 17
the sabbath

Jason
    $400 12
Montpelier

Michael
    $400 25
white

Michael
    $2,000 29
comma

Michael
    $400 27
tires

Michael
    $600 1
John Paul Jones

Michael
    $800 24
killing & stealing

Michael
    $600 10
Medicine Hat

Michael
    $600 11
tutu

Mark
    $600 14
irregular

Jason
    $600 22
(Jason: What are moons?)

comets

MichaelJason
    $800 2
[Alex interpolates "at the age of" before "20" in the clue.]

Joseph McCarthy

Jason
    $800 23
(Alex: "Thou shalt not covet them".)

ox or ass

Triple Stumper
    $800 7
Liverpool

Michael
    $800 20
Billy the Kid

Michael
    $800 15
superlative

Mark
    $800 8
Sweden

Jason
    $1000 3
(Michael: Who was Wiley Post?)

Howard Hughes

MichaelMark
    $1000 18
the Decalogue

Jason
    $1000 6
Rangoon

Mark
    $1000 21
Martha Graham

Michael
    $1000 19
possessive

Michael
    $1000 9
Loch Lomond

Michael

Scores at the end of the Double Jeopardy! Round:

Michael Mark Jason
$12,800 $6,200 $6,600

[wagering suggestions for these scores]

Final Jeopardy! Round responses

SHAKESPEARE
(Alex: Uh-oh, Michael did a double take on that one!)
(Alex: "Alas, poor [*]. I knew him, Horatio.")
MarkWho is King Claudius?
$6,200
JasonWho is Oyad?
$6,600
MichaelWho is Hamlet Yorick?
$401
Yorick

Final scores:

Michael Mark Jason
$13,201 $0 $0
Finalist 3rd place: $5,000 2nd place: $5,000

Game dynamics:

Coryat scores:

Michael Mark Jason
$11,000 $6,200 $6,800
25 R
(including 2 DDs),
2 W
12 R,
1 W
22 R
(including 1 DD),
1 W

Combined Coryat: $24,000

[game clues] [game scores] [suggest correction]

Game tape date: 1988-01-05
The J! Archive is created by fans, for fans. Scraping, republication, monetization, and malicious use prohibited; this site may use cookies and collect identifying information. See terms. The Jeopardy! game show and all elements thereof, including but not limited to copyright and trademark thereto, are the property of Jeopardy Productions, Inc. and are protected under law. This website is not affiliated with, sponsored by, or operated by Jeopardy Productions, Inc. Join the discussion at JBoard.tv.